000 00435 a2200157 4500
003 OSt
005 20231103141154.0
008 231103b |||||||| |||| 00| 0 eng d
020 _a9789382934868
040 _coclc
082 _a894.8124
_bABD/T
245 _aCHINTE THULIKA /
_cMalayil Abdullakoya
260 _aKerala:
_bolive,
_c2019.
300 _a289p
942 _2ddc
_cBK
_h894.8124
_iABD/C
_k894.8124
_mABD/C
999 _c42789
_d42789